Statistics for Famous Actors: Picture Quiz

Click here to take the quiz!

General Stats

  • This quiz has been taken 131 times
  • The average score is 13 of 16

Answer Stats

Answer% Correct
Will Smith
99%
Leonardo Dicaprio
98%
Johnny Depp
94%
Tom Hanks
94%
Brad Pitt
92%
Tom Cruise
90%
Keanu Reeves
83%
Ryan Gosling
83%
Jim Carey
82%
Arnold Schwarzenegger
77%
George Clooney
76%
Harrison Ford
72%
Robert De Niro
71%
Mark Wahlberg
64%
Denzel Washington
56%
Anthony Hopkins
54%

Score Distribution

Percentile by Number Answered

Percent of People with Each Score

Your Score History

You have not taken this quiz